[Event "Pinneberg-ch"]
[Site "Pinneberg"]
[Date "2006.09.01"]
[Round "3.32"]
[White "Ahrens, Andre"]
[Black "Su, Bertram"]
[Result "1-0"]
[WhiteElo "1623"]
[BlackElo "1700"]
[PlyCount "117"]
[EventDate "2006.08.22"]
[EventType "swiss"]
[EventRounds "7"]
[EventCountry "GER"]
[SourceTitle "EXT 2007"]
[Source "ChessBase"]
[SourceDate "2006.11.23"]
[SourceVersion "1"]
[SourceVersionDate "2006.11.23"]
[SourceQuality "1"]

1. e4 c5 2. c3 d5 3. exd5 Qxd5 4. Nf3 Nf6 5. d4 Nc6 6. Be2 cxd4 7. cxd4 e6 8. 0-0 Be7 9. Nc3 Qd6 10. Nb5 Qd8 11. Bf4 Nd5 12. Bg3 a6 13. Nc3 0-0 14. Rc1 Bd7 15. Nxd5 exd5 16. Qb3 Bg4 17. Rfd1 Bxf3 18. Bxf3 Bf6 19. Qxb7 Nxd4 20. Bg4 Re8 21. Kf1 h6 22. Bc7 Qe7 23. Re1 Ne6 24. Qb6 Qd7 25. Rc6 Rac8 26. Rec1 Ra8 27. a4 Qe7 28. Re1 Bd4 29. Rexe6 fxe6 30. Qxd4 Qd7 31. Rc3 Re7 32. Be5 Rc8 33. Rxc8+ Qxc8 34. Qc3 Qe8 35. b3 Qg6 36. Bh3 Qb1+ 37. Ke2 Qe4+ 38. Kd2 Qh4 39. Bg3 Qf6 40. Qxf6 gxf6 41. Bd6 Rb7 42. b4 Kf7 43. Kc3 Rb6 44. Bc5 Rc6 45. Kd4 Rc8 46. b5 axb5 47. axb5 Rd8 48. Bg4 f5 49. Be2 Kf6 50. f4 Ra8 51. b6 Ra4+ 52. Kc3 Ra1 53. b7 Rb1 54. Ba6 e5 55. fxe5+ Kxe5 56. Ba7 Rxb7 57. Bxb7 h5 58. Kd3 h4 59. Bb8+ 1-0

[Event "Pinneberg-ch"]
[Site "Pinneberg"]
[Date "2006.08.25"]
[Round "2.30"]
[White "Su, Bertram"]
[Black "Draeger, Klaus"]
[Result "0-1"]
[WhiteElo "1700"]
[BlackElo "1932"]
[PlyCount "80"]
[EventDate "2006.08.22"]
[EventType "swiss"]
[EventRounds "7"]
[EventCountry "GER"]
[SourceTitle "EXT 2007"]
[Source "ChessBase"]
[SourceDate "2006.11.23"]
[SourceVersion "1"]
[SourceVersionDate "2006.11.23"]
[SourceQuality "1"]

1. e4 c6 2. d4 d5 3. exd5 cxd5 4. Bd3 Nf6 5. c3 e6 6. Bf4 Bd6 7. Ne2 0-0 8. Nd2 Nc6 9. Nf3 Bxf4 10. Nxf4 Qc7 11. Ne2 a6 12. 0-0 b5 13. a3 Na5 14. a4 Nc4 15. Qc2 Bd7 16. Ra2 bxa4 17. Rfa1 Bb5 18. g3 Na5 19. Nf4 Bxd3 20. Nxd3 Nb3 21. Rd1 Qc4 22. Ra3 Nd7 23. Nc1 Nxc1 24. Rxc1 Nb6 25. Ne5 Qc7 26. Nd3 Rfb8 27. Rb1 f6 28. f4 Qc4 29. Re1 Re8 30. Nc5 e5 31. Nxa4 exd4 32. Rxe8+ Rxe8 33. Ra1 Nxa4 34. b3 Qxc3 35. Qd1 Nb2 36. Qh5 Qe3+ 37. Kf1 d3 38. Qxd5+ Kh8 39. Rxa6 Nd1 40. Ra2 Qe1+ 0-1